Нормален изглед
MARC изглед
- Близнаков, Георги Мануилов
Вход 01. Лично име
001 - Контролен номер на записа
- Контролно поле: 274003
003 - Код на организацията, даваща контролен номер
- Контролно поле: BLK
005 - Дата и час на последна промяна на записа
- Контролно поле: 20211218103101.0
008 - Данни с фиксирана дължина – обща информация
- Данни с фиксирана дължина : 180420|| aca||aabn | a|a d
100 ## - ИМЕ НА ЛИЦЕ -ПЪРВИЧНА ИНТЕЛЕКТУАЛНА ОТГОВОРНОСТ
- Лично име: Близнаков, Георги Мануилов
- Друга информация: Акад. Георги Мануилов Близнаков (1920 - 2004), е бележит български химик, академик. Неговата работа е била насочена в областта на кристалите, абсорбацията и катализата, неорганичния синтез и проблемите, свързани с опазването на околната среда. Георги Близнаков основава и е директор на Института по обща и неорганична химия при БАН. Той е член-кореспондент от 1967, а от 1979 академик на БАН. За известно време е главен научен секретар и заместник-председател на БАН. В периода 1981-1985 е ректор на Софийски университет "Св. Климент Охридски".
942 ## - Системна служебна употреба
- Koha auth type: PERSO_NAME